000 00304nam a22001337a 4500
008 171009b xxu||||| |||| 00| 0 eng d
020 _a9780761920212
041 _aeng
080 _a159.9
100 _a49
101 _aPSI
245 _aPSYCHOLOGICAL DIMENSIONS OF THE SELF
_cBUSS,A
942 _2udc
_cBK
999 _c32564
_d32564